000 00652nam a2200181 i 4500
001 96482
003 ES-MaACL
005 20250917063042.0
007 t|
008 050627s1949 sp ||||1| spa d
100 1 _aMaldonado de Guevara, Francisco,
_d1891-1985
_975725
245 1 0 _aEmblemática y política
_b: la obra de Salvador Fajardo /
_cFrancisco Maldonado de Guevara.
260 _aMadrid :
_bInstituto de Estudios Políticos,
_c1949.
300 _a33 h. ;
_c24 cm.
500 _aEs separata del nº 43 (v. XXIII de la Revista de Estudios Políticos, p. 15-79)
852 _aES-MaACL
_j1762-F-23
_bR.26773
999 _c96482
_d96482